Carbon emission leakages <a> general equilibrium view

Gespeichert in:
Bibliographische Detailangaben
1. Verfasser: Burniaux, Jean-Marc
Weitere Verfasser: Martins, Joaquim Oliveira
Format: Buch
Sprache:Englisch
Veröffentlicht: Paris OECD 2000
Schriftenreihe:Economics department working papers No. 242
Schlagworte:
Tags: Tag hinzufügen
Keine Tags, Fügen Sie das erste Tag hinzu!

MARC

LEADER 00000nam a2200000 4500
001 c122668
005 20221221084150.0
041 0 |a eng 
044 |a FR 
245 1 0 |a Carbon emission leakages  |b <a> general equilibrium view  |c by Jean-Marc Burniaux and Joaquim Oliveira Martins 
264 1 |a Paris  |b OECD  |c 2000 
300 |a 34 s. 
490 1 |a Economics department working papers  |v No. 242 
830 0 |a Economics department working papers  |v No. 242 
610 2 0 |a emisie 
610 2 0 |a znečistenie ovzdušia 
610 2 0 |a modely rovnováhy 
610 2 0 |a energia 
610 2 0 |a trh 
610 2 0 |a uhlie 
100 1 |a Burniaux, Jean-Marc 
700 1 |a Martins, Joaquim Oliveira